| 000 | 00731nam a2200229Ia 4500 | ||
|---|---|---|---|
| 003 | OSt | ||
| 005 | 20220613153524.0 | ||
| 008 | 210716s2011 xx 000 0 und d | ||
| 020 | _a9780749461089 | ||
| 040 | _cAIMIT LIBRARY | ||
| 041 | _aeng | ||
| 082 |
_a658.3124 _21 _bFEEK |
||
| 100 |
_aFee, Kenneth. _942064 |
||
| 245 |
_a101 learning and development tools : _bessential techniques for creating, delivering and managing effective training / _cBy Kenneth Free. |
||
| 250 | _a1 | ||
| 260 |
_aNew Delhi : _bKogan Page ; _c2011. |
||
| 300 | _aix,258p. ; | ||
| 650 |
_aLearning needs analysis _942065 |
||
| 650 |
_aPlanning learning _942066 |
||
| 650 |
_aImplementing learning _942067 |
||
| 942 |
_2ddc _cBK _e1st _k658.3124 FEEK |
||
| 999 |
_c207712 _d207712 |
||